Learning, speech and thought in the mentally retarded ed by A D B Clarke and M M Lewis (Record no. 207452)

MARC details
000 -LEADER
fixed length control field 00697nam a2200229Ia 4500
003 - CONTROL NUMBER IDENTIFIER
control field OSt
005 - DATE AND TIME OF LATEST TRANSACTION
control field 20220918195143.0
008 - FIXED-LENGTH DATA ELEMENTS--GENERAL INFORMATION
fixed length control field 220917b |||||||| |||| 00| 0 eng d
037 ## - SOURCE OF ACQUISITION
Terms of availability Textual
040 ## - CATALOGING SOURCE
Original cataloging agency ARTS
Transcribing agency ARTS
Language of cataloging eng
041 ## - LANGUAGE CODE
Source of code eng
Language code of text/sound track or separate title eng
111 ## - MAIN ENTRY--MEETING NAME
Meeting name or jurisdiction name as entry element Proceedings of symosia (4-5 : 31-1-and : Middlesex)
9 (RLIN) 89269
245 #0 - TITLE STATEMENT
Title Learning, speech and thought in the mentally retarded ed by A D B Clarke and M M Lewis
260 ## - PUBLICATION, DISTRIBUTION, ETC.
Place of publication, distribution, etc. London
Name of publisher, distributor, etc. Butterworths
Date of publication, distribution, etc. 1972
650 ## - SUBJECT ADDED ENTRY--TOPICAL TERM
Topical term or geographic name entry element PSYCHOLOGY
942 ## - ADDED ENTRY ELEMENTS (KOHA)
Classification part S62:4-682p73,N69, L2
Koha item type Textual
Source of classification or shelving scheme Colon Classification (CC)
Holdings
Withdrawn status Lost status Damaged status Not for loan Home library Current library Date acquired Total Checkouts Full call number Barcode Date last seen Price effective from Koha item type
        Arts Library Arts Library 2022-09-18   S62:4-682p73,N69 L2 AL0487465 2022-09-18 2022-09-18 Textual
Copyright @ Delhi University Library System